| 000 | 00868nam a2200289 a 4500 | ||
|---|---|---|---|
| 001 | 000108414 | ||
| 003 | CHAP | ||
| 005 | 20220329144011.0 | ||
| 008 | 140210s2012 fluab |r| |||1|||eng|d | ||
| 010 | _a104876 | ||
| 011 | _a105848 | ||
| 020 | _a9780415897914 | ||
| 040 | _cCHAP | ||
| 082 | 0 | 4 |
_a333.7 _bN28 |
| 245 | 0 | 0 |
_aNatural resources : _bTechnology, economics and policy / _cpor U. Aswathanarayana. |
| 260 | 3 |
_aBoca Raton Fl. : _bCRC Press/Balkema, _c2012. |
|
| 300 |
_axxxv, 474 p. : _bil, maps. |
||
| 590 |
_aE792CSJ _b05 _c20140210 _lUCH01 _h0908 |
||
| 650 | 1 | 4 |
_aBiodiversidad _xAspectos económicos. _912725 |
| 650 | 1 | 4 |
_aMedio ambiente _xLeyes. _974098 |
| 650 | 1 | 4 |
_aRecursos naturales _xContabilidad. _995272 |
| 650 | 1 | 4 |
_aRecursos naturales _xLeyes. _995296 |
| 700 | 1 |
_aAswathanarayana, U. _9125390 |
|
| 901 | _aBK | ||
| 942 | _cLIBRO | ||
| 942 | _n0 | ||
| 999 |
_c104876 _d104876 |
||